LEADER 01034nam0-22003371i-450- 001 990002507890403321 005 20060523144622.0 035 $a000250789 035 $aFED01000250789 035 $a(Aleph)000250789FED01 035 $a000250789 100 $a20030910d1856----km-y0itay50------ba 101 0 $afre 102 $aFR 105 $ay-------001yy 200 1 $aEléments de statistique$eprincipes généraux de cette science sa classification, sa méthode, ses opérations$fAlexandre Moreau De Jonnes. 205 $a2e éd. considerablement augmentée 210 $aParis$cGiullaumin$d1856 215 $a464 p.$d18 cm 610 0 $aDemografia, Demografia$amanuali 676 $a304.6$v21$zita 700 1$aMoreau de Jonnès,$bAlexandre$f<1778-1870>$0332623 801 0$aIT$bUNINA$gRICA$2UNIMARC 901 $aBK 912 $a990002507890403321 952 $aXXIV-A-57$b3950$fMAS 952 $aXVI B 8$b1005$fFGBC 959 $aMAS 959 $aFGBC 996 $aEléments de statistique$9440139 997 $aUNINA